Statistics for Countries Bordering Germany

Click here to take the quiz!

General Stats

  • This quiz has been taken 118,168 times
    (118,165 since last reset)
  • The average score is 8 of 9

Answer Stats

Length Country % Correct
451 kmFrance
98%
456 kmPoland
97%
784 kmAustria
96%
167 kmBelgium
94%
577 kmNetherlands
93%
334 kmSwitzerland
93%
68 kmDenmark
91%
815 kmCzech Republic
88%
138 kmLuxembourg
88%

Score Distribution

Percentile by Number Answered

Percent of People with Each Score

Your Score History

You have not taken this quiz since the last reset